|
|
|
|
| LEADER |
00000nam a2200000Ii 4500 |
| 001 |
DIGOCTA0704 |
| 003 |
NyNyDIG |
| 006 |
m o d |
| 007 |
cr ||||||||||| |
| 008 |
130601r20102006sp ob 000 0 spa d |
| 020 |
|
|
|a 9788495345554
|q (eBook)
|
| 020 |
|
|
|z 9788495345332
|
| 020 |
|
|
|z 8495345331
|
| 035 |
|
|
|a (OCoLC)888273427
|
| 040 |
|
|
|a DGITA
|b eng
|e pn
|c DGITA
|
| 050 |
1 |
4 |
|a P94.6 eBook
|
| 100 |
1 |
|
|a Trujillo Sáez, Fernando.
|
| 245 |
1 |
0 |
|a Cultura, comunicación y lenguaje :
|b reflexiones para la enseñanza de la lengua en contextos multiculturales /
|c Fernando Trujillo Sáez.
|
| 264 |
|
1 |
|a Las Gabias, Granada :
|b Editorial Octaedro Andalucía (Ediciones Mágina),
|c 2010.
|
| 300 |
|
|
|a 1 online resource (192 pages)
|
| 336 |
|
|
|a text
|b txt
|2 rdacontent
|
| 337 |
|
|
|a computer
|b c
|2 rdamedia
|
| 338 |
|
|
|a online resource
|b cr
|2 rdacarrier
|
| 490 |
1 |
|
|a Educación.
|
| 500 |
|
|
|a "Primera edición digital: mayo de 2010. Primera edición en papel: noviembre de 2006.
|
| 504 |
|
|
|a Includes bibliographical references (p. 179-192).
|
| 650 |
|
0 |
|a Intercultural communication.
|
| 650 |
|
0 |
|a Communication and culture.
|
| 650 |
|
0 |
|a Language and culture.
|
| 650 |
|
0 |
|a Multicultural education.
|
| 655 |
|
0 |
|a Electronic books.
|
| 791 |
2 |
|
|a Digitalia (Firm),
|e distributor.
|
| 830 |
|
0 |
|a Educación.
|
| 793 |
0 |
|
|g Digitalia eBook Collection:
|a Editorial Octaedro.
|
| 856 |
4 |
0 |
|3 Digitalia Hispánica
|u https://www.digitaliapublishing.com/a/12650/
|
| 910 |
|
|
|a Premium Collection: 2007-2012
|